<?xml version='1.0' encoding='UTF-8'?>
  <record xmlns="http://www.loc.gov/MARC21/slim">
    <leader>00000cem a22000007i 4500</leader>
    <controlfield tag="001">ocn980374390</controlfield>
    <controlfield tag="003">OCoLC</controlfield>
    <controlfield tag="005">20250131172934.4</controlfield>
    <controlfield tag="008">090520s1740    fr        g  s  0   fre d</controlfield>
    <datafield tag="040" ind1=" " ind2=" ">
      <subfield code="a">QGJ</subfield>
      <subfield code="b">dut</subfield>
      <subfield code="c">QGJ</subfield>
      <subfield code="d">QGJ</subfield>
      <subfield code="d">OCLCO</subfield>
      <subfield code="d">OCLCL</subfield>
      <subfield code="d">OCLCF</subfield>
      <subfield code="d">OCLCO</subfield>
    </datafield>
    <datafield tag="035" ind1=" " ind2=" ">
      <subfield code="a">(OCoLC)980374390</subfield>
    </datafield>
    <datafield tag="084" ind1=" " ind2=" ">
      <subfield code="a">74.17</subfield>
      <subfield code="2">bcl</subfield>
    </datafield>
    <datafield tag="245" ind1="0" ind2="0">
      <subfield code="a">Carte reduite de l'Ocean-Oriental ou Mers des Indes contenant les costes d'Afrique, depuis le Cap de Bonne Espce. jusqu'à la Mer Rouge, et celles d'Asie, depuis la Mer Rouge, jusqu'à Canton en Chine, avec les Isles de Madagascar, Bourbon, et de France, Les Maldives, I. Ceylan, Sumatra, Java, etc. /</subfield>
      <subfield code="c">pour servir aux vaisseaux du Roi dressée au Depost des Cartes Plans et Journaux de la Marine par ordre de Mgr. le Comte de Maurepas ; Dheulland sculp.</subfield>
    </datafield>
    <datafield tag="246" ind1="3" ind2=" ">
      <subfield code="a">Carte reduite de l'Ocean-Oriental ou Mers des Indes contenant les costes d'Afrique, depuis le Cap de Bonne Esperance jusqu'à la Mer Rouge</subfield>
    </datafield>
    <datafield tag="264" ind1=" " ind2="1">
      <subfield code="a">[París] :</subfield>
      <subfield code="b">Depost des Cartes Plans et Journaux de la Marine,</subfield>
      <subfield code="c">1740.</subfield>
    </datafield>
    <datafield tag="300" ind1=" " ind2=" ">
      <subfield code="a">1 krt. :</subfield>
      <subfield code="b">kopergr., in kleur ;</subfield>
      <subfield code="c">61 x 79 cm</subfield>
    </datafield>
    <datafield tag="336" ind1=" " ind2=" ">
      <subfield code="a">cartographic image</subfield>
      <subfield code="b">cri</subfield>
      <subfield code="2">rdacontent</subfield>
    </datafield>
    <datafield tag="337" ind1=" " ind2=" ">
      <subfield code="a">unmediated</subfield>
      <subfield code="b">n</subfield>
      <subfield code="2">rdamedia</subfield>
    </datafield>
    <datafield tag="338" ind1=" " ind2=" ">
      <subfield code="a">sheet</subfield>
      <subfield code="b">nb</subfield>
      <subfield code="2">rdacarrier</subfield>
    </datafield>
    <datafield tag="651" ind1=" " ind2="0">
      <subfield code="a">Indian Ocean Region</subfield>
      <subfield code="v">Maps.</subfield>
    </datafield>
    <datafield tag="651" ind1=" " ind2="0">
      <subfield code="a">Indian Ocean</subfield>
      <subfield code="v">Maps.</subfield>
    </datafield>
    <datafield tag="651" ind1=" " ind2="7">
      <subfield code="a">Indian Ocean</subfield>
      <subfield code="2">fast</subfield>
      <subfield code="1">https://id.oclc.org/worldcat/entity/E39PBJtH77PyH6hqk67WFMh4MP</subfield>
    </datafield>
    <datafield tag="651" ind1=" " ind2="7">
      <subfield code="a">Indian Ocean Region</subfield>
      <subfield code="2">fast</subfield>
    </datafield>
    <datafield tag="651" ind1=" " ind2="7">
      <subfield code="a">Indische Oceaan.</subfield>
      <subfield code="0">(NL-LeOCL)078543673.</subfield>
      <subfield code="2">gtt</subfield>
    </datafield>
    <datafield tag="655" ind1=" " ind2="7">
      <subfield code="a">Maps</subfield>
      <subfield code="2">fast</subfield>
    </datafield>
    <datafield tag="655" ind1=" " ind2="7">
      <subfield code="a">Nautical charts</subfield>
      <subfield code="2">fast</subfield>
    </datafield>
    <datafield tag="655" ind1=" " ind2="7">
      <subfield code="a">Kaarten (vorm)</subfield>
      <subfield code="0">(NL-LeOCL)088143554.</subfield>
      <subfield code="2">gtt</subfield>
    </datafield>
    <datafield tag="655" ind1=" " ind2="7">
      <subfield code="a">Nautical charts.</subfield>
      <subfield code="2">lcgft</subfield>
    </datafield>
    <datafield tag="655" ind1=" " ind2="7">
      <subfield code="a">Cartes nautiques.</subfield>
      <subfield code="2">rvmgf</subfield>
    </datafield>
    <datafield tag="700" ind1="1" ind2=" ">
      <subfield code="a">Dheulland, Guillaume,</subfield>
      <subfield code="c">kartograaf, graveur,</subfield>
      <subfield code="d">1700-1770.</subfield>
      <subfield code="4">egr</subfield>
      <subfield code="1">https://id.oclc.org/worldcat/entity/E39PBJxhpmqRp8Pppkc3DqV6Kd</subfield>
    </datafield>
    <datafield tag="758" ind1=" " ind2=" ">
      <subfield code="a">Carte reduite de l'Ocean-Oriental ou Mers des Indes contenant les costes d'Afrique, depuis le Cap de Bonne Espce. jusqu'à la Mer Rouge, et celles d'Asie, depuis la Mer Rouge, jusqu'à Canton en Chine, avec les Isles de Madagascar, Bourbon, et de France, Les Maldives, I. Ceylan, Sumatra, Java, etc (CartographicMaterial)</subfield>
      <subfield code="1">https://id.oclc.org/worldcat/entity/E39PCXTh3dBKTpf347yj8bC7tq</subfield>
      <subfield code="4">https://id.oclc.org/worldcat/ontology/hasWork</subfield>
    </datafield>
  </record>